| 000 | 00405nam a2200145Ia 4500 | ||
|---|---|---|---|
| 008 | 231129s2016||||xx |||||||||||||| ||spa|| | ||
| 020 | _a978-958-9016-50-3 | ||
| 040 | _bspa | ||
| 082 | _a920.72 G464co | ||
| 100 | _aGilbert Elizabeth | ||
| 245 | 0 | _aCome reza ama | |
| 260 | _c2016 | ||
| 264 | _aBogotá Colombia : Penguin Random House; Debolsillo | ||
| 942 |
_2ddc _cBKS |
||
| 999 |
_c7405 _d7405 |
||